000 00609nam a22001937a 4500
999 _c22481
_d22481
003 AR-CdUCM
008 190409b ||||| |||| 00| 0 spa d
020 _a9786124798528
040 _aMUNICIPALIDAD PROVINCIAL DEL CUSCO
_cBIBLIOTECA MUNICIPAL DEL CUSCO
082 _a869.56/L8738V
_bL8738V
100 _aLópez Guevara, Élmer Heriberto
_948295
245 _aUna visita inesperada /
_cElmer López Guevara
260 _aLima :
_bEdit. Bracamoros,
_c2019.
300 _a72, [1] páginas. :
_c21 cm.
650 _aNovelas peruanas
_9545
650 _aSiglo XX
_948296
942 _2ddc
_cLIBROS
945 _arac